Progress to Proficiency : Student is book /
Gardado en:
| Autor Principal: | |
|---|---|
| Outros autores: | |
| Formato: | Libro |
| Idioma: | Vietnamese |
| Publicado: |
Cambridge University Press :
Cambridge,
1986.
|
| Những chủ đề: | |
| Các nhãn: |
Engadir etiqueta
Sen Etiquetas, Sexa o primeiro en etiquetar este rexistro!
|
| Thư viện lưu trữ: | Mạng thư viện Đại học Đà Nẵng |
|---|
| LEADER | 00975nam a22003011a 4500 | ||
|---|---|---|---|
| 001 | 000037582 | ||
| 003 | 13877 | ||
| 005 | 20221024151638.0 | ||
| 008 | 160412s1986 000 | ||
| 020 | |c 20000đ | ||
| 041 | 0 | |a vie | |
| 082 | |a 428 |b JO-L | ||
| 100 | 1 | |a Jones, Leo |e Tác giả | |
| 245 | 0 | |a Progress to Proficiency : |b Student is book / |c Leo Jones. | |
| 260 | |a Cambridge University Press : |b Cambridge, |c 1986. | ||
| 300 | |a 313 tr. ; |c 24 cm. | ||
| 653 | |a Tiếng Anh | ||
| 653 | |a Student is book | ||
| 700 | |a Leo jones |e Tác giả | ||
| OWN | |a LNN | ||
| AVA | |a UDN50 |b LNN |c English |d 428JO-L |e available |t Error 5001 Not defined in file expand_doc_bib_avail. |f 1 |g 0 |h N |i 0 |j AN | ||
| 999 | |a From the UDN01 | ||
| AVA | |a UDN50 |b LNN |c English |d 428JO-L |e available |t Error 5001 Not defined in file expand_doc_bib_avail. |f 1 |g 0 |h N |i 0 |j AN | ||
| TYP | |a Monograph | ||
| 980 | |a Mạng thư viện Đại học Đà Nẵng | ||